02903 a2200289 4500020001500000020001500015040001300030082001200043082001100055100002000066245008200086250001200168260005200180300002500232440005500257520065300312520051900965520070501484650002702189650002302216700002402239700002302263942002402286999001502310952014302325952014502468 a0226065677 a0226065685 aDLCbDLC00a001.4/200a001.421 aBooth, Wayne C.14aThe craft of researchcWayne C. Booth, Gregory G. Colomb, Joseph M. Williams. a2nd ed. aChicago :bUniversity of Chicago press,cc2003. axv, 329 p. ;c22 cm. 0aChicago guides to writing, editing, and publishing1 a"Like its predecessor, this new edition reflects the way researchers actually work, in a complex circuit of thinking, writing, revising, and rethinking. It shows how each part of this process influences the others and how a successful research report is a carefully orchestrated conversation between researcher and reader. Among many topics, The Craft of Research explores how to build an argument that motivates readers to accept a claim; how to anticipate the reservations of thoughtful, yet critical readers and respond to them appropriately; and how to create introductions and conclusions that answer that most demanding question, "So what?"".1 a"Celebrated by reviewers for its logic and clarity, this popular book retains its five-part structure. Part 1 provides an orientation to the research process and begins the discussion of what motivates researchers and their readers. Part 2 focuses on finding a topic, planning the project, and locating appropriate sources. This section is brought up to date with new information on the role of the Internet in research, including how to find and evaluate sources, avoid their misuse, and test their reliability.".1 a"Part 3 explains the art of making an argument and supporting it. The authors have extensively revised this section to present the structure of an argument in clearer and more accessible terms then in the first edition. For example, new distinctions are made among reasons, evidence, and reports of evidence; and the concepts of qualifications and rebuttals, from the first edition, are here recast as acknowledgment and response. Part 4 covers drafting and revising, and offers new information on the visual representation of data. Part 5 concludes the book with an updated discussion of the ethics of research, as well as an expanded bibliography that includes many electronic sources."--BK JACKET. 0aResearchxMethodology. 0aTechnical writing.1 aWilliams, Joseph M.1 aColomb, Gregory G. cBKk001.42 BOO2ddc c4898d4898 001040708CSaCLbCLcCSd2005-01-05eAcademic Book Companyg946.89l10o001.42 BOOpSEECS005211r2022-09-07s2019-07-15w2017-01-05yBK 001040708CSaCLbCLcCSd2004-10-18eAcademic Book Companyg930.15l4m2o001.42 BOOpSEECS004898r2026-01-26s2025-09-25w2017-01-05yBK